[Event "Let's Play Chess!"]
[Site "http://www.queenalice.com/game.php?id=474507"]
[Date "2008.10.15"]
[Round "-"]
[White "danilo_girino"]
[Black "Barreto"]
[Result "0-1"]
[WhiteElo "1806"]
[BlackElo "2000"]

1. e4 c5 2. c4 Nc6 3. Nc3 g6 4. d3 d6 5. f4 Bh6 6. Nf3 Nf6 7. e5 Nh5 8. g3 Bg4
9. Be2 dxe5 10. Nxe5 Bxe2 11. Qxe2 Nxe5 12. Qxe5 O-O 13. Qxc5 Qxd3 14. Qd5 Qxd5
15. Nxd5 e6 16. Nc3 Rfc8 17. b3 Bg7 18. Bb2 b5 19. Nd1 bxc4 20. Bxg7 Nxg7 21.
bxc4 Rxc4 22. O-O Nf5 23. g4 Nd4 24. h3 Ne2+ 25. Kh2 Nxf4 0-1

[Event "Challenge"]
[Site "http://www.queenalice.com/game.php?id=476701"]
[Date "2008.10.13"]
[Round "-"]
[White "filomenos"]
[Black "danilo_girino"]
[Result "1-0"]
[WhiteElo "1711"]
[BlackElo "1798"]

1. d4 d5 2. Nc3 Nf6 3. g3 g6 4. Bg2 Bg7 5. Nf3 Nbd7 6. O-O b6 7. Bf4 Bb7 8. Nb5
O-O 9. Nxc7 Rc8 10. Nb5 a6 11. Nc3 Ne4 12. Ng5 Nxg5 13. Bxg5 h6 14. Bf4 b5 15.
Nxd5 Bxd5 16. Bxd5 Nb6 17. Bb7 Rc4 18. c3 b4 19. Bxa6 Rc6 20. Bb5 Re6 21. Qd2
bxc3 22. bxc3 Qd5 23. a4 g5 24. Be3 Nc4 25. Bxc4 Qxc4 26. Rfb1 Rc8 27. Ra3 Rec6
28. Rb4 1-0

[Event "Challenge"]
[Site "http://www.queenalice.com/game.php?id=476702"]
[Date "2008.10.13"]
[Round "-"]
[White "danilo_girino"]
[Black "filomenos"]
[Result "1-0"]
[WhiteElo "1790"]
[BlackElo "1780"]

1. e4 e5 2. Nc3 Nf6 3. f4 Bd6 4. Bc4 O-O 5. fxe5 Bxe5 6. d4 Re8 7. dxe5 Rxe5 8.
Nf3 Re7 9. e5 Nc6 10. O-O Nxe5 11. Nxe5 Rxe5 12. Qf3 c6 13. Qg3 Qe7 14. Bg5 Qc5+
15. Qf2 Qxf2+ 16. Rxf2 Rxg5 17. Raf1 d5 18. Bd3 Be6 19. Ne2 Ng4 20. Rf3 Ne5 21.
Re3 Re8 22. Nf4 Nxd3 23. Nxd3 Kf8 24. Nc5 b6 25. Nxe6+ Kg8 26. Rfe1 Rg6 27. Nf4
1-0

[Event "Challenge"]
[Site "http://www.queenalice.com/game.php?id=477176"]
[Date "2008.10.14"]
[Round "-"]
[White "danilo_girino"]
[Black "decimator"]
[Result "1-0"]
[WhiteElo "1745"]
[BlackElo "2100"]

1. e4 e5 2. Nc3 Nf6 3. f4 d6 4. Bc4 Nc6 5. Nf3 Bg4 6. O-O Nd4 7. Ne2 Bxf3 8.
gxf3 c6 9. c3 Nxe2+ 10. Qxe2 d5 11. exd5 cxd5 12. Qxe5+ Be7 13. Bb5+ Kf8 14. d4
Bd6 15. Qf5 a6 16. Ba4 b5 17. Bb3 Bc7 18. a4 b4 19. Re1 bxc3 20. bxc3 Ba5 21.
Ba3+ Kg8 22. Re7 g6 23. Qxf6 1-0

[Event "Challenge"]
[Site "http://www.queenalice.com/game.php?id=477181"]
[Date "2008.10.14"]
[Round "-"]
[White "danilo_girino"]
[Black "carver"]
[Result "0-1"]
[WhiteElo "1786"]
[BlackElo "1938"]

1. e4 e5 2. Nc3 Nf6 3. f4 d6 4. Nf3 Bg4 5. h3 Bxf3 6. Qxf3 a6 7. Bc4 Nc6 8. Nd5
Nd4 9. Qd1 Nxe4 10. c3 Qh4+ 0-1

[Event "AUTO-ADV-1073"]
[Site "http://www.queenalice.com/game.php?id=477182"]
[Date "2008.10.14"]
[Round "1"]
[White "pjhunt"]
[Black "danilo_girino"]
[Result "1-0"]
[WhiteElo "2021"]
[BlackElo "1778"]

1. c4 c6 2. Nc3 e5 3. Nf3 d6 4. d4 f6 5. e4 g6 6. Be2 Ne7 7. O-O Bg7 8. c5 Be6
9. cxd6 Qxd6 10. dxe5 Qxd1 11. Rxd1 O-O 12. exf6 Bxf6 13. Rd6 Bg4 14. Bc4+ Kh8
15. Bh6 Bg7 16. Bxg7+ Kxg7 17. Ne5 Bc8 18. Rad1 Na6 19. Bxa6 bxa6 20. Na4 Rb8
21. Nd7 Bxd7 22. Rxd7 Rf7 23. b3 1-0

[Event "AUTO-ADV-1073"]
[Site "http://www.queenalice.com/game.php?id=477183"]
[Date "2008.10.14"]
[Round "1"]
[White "danilo_girino"]
[Black "pjhunt"]
[Result "0-1"]
[WhiteElo "1785"]
[BlackElo "2014"]

1. e4 c5 2. c4 Nc6 3. Nc3 e6 4. d3 Nf6 5. f4 d5 6. exd5 exd5 7. cxd5 Nxd5 8.
Nxd5 Qxd5 9. Nf3 Bf5 10. h3 O-O-O 11. g4 Bxd3 12. Bxd3 Qxd3 13. Qxd3 Rxd3 14.
O-O Bd6 15. f5 h5 16. Rf2 hxg4 17. hxg4 Nd4 18. Nxd4 Rxd4 19. Kf1 Rd1+ 20. Kg2
Rh2+ 21. Kf3 Rh3+ 22. Ke2 Rhh1 0-1

[Event "AUTO-ADV-1073"]
[Site "http://www.queenalice.com/game.php?id=477200"]
[Date "2008.10.14"]
[Round "1"]
[White "danilo_girino"]
[Black "luizpessoa"]
[Result "0-1"]
[WhiteElo "1760"]
[BlackElo "1783"]

1. e4 c5 2. Nf3 a6 3. c4 Nc6 4. d3 e5 5. g3 d6 6. Bg2 Bg4 7. Qd2 Be7 8. Nc3 h6
9. Nd5 Bxf3 10. Bxf3 Nd4 11. Bg2 Bg5 12. Qd1 Nf6 13. Bxg5 hxg5 14. Ne3 b5 15.
Nc2 bxc4 16. dxc4 a5 17. Nxd4 cxd4 18. Qc2 Qc7 19. O-O-O a4 20. a3 Nd7 21. Qd2
Qxc4+ 22. Kb1 Rb8 23. Rc1 Qb3 24. Rc2 Qxa3 25. Rhc1 O-O 26. Qxg5 Nc5 0-1

[Event "AUTO-ADV-1073"]
[Site "http://www.queenalice.com/game.php?id=477201"]
[Date "2008.10.14"]
[Round "1"]
[White "luizpessoa"]
[Black "danilo_girino"]
[Result "1-0"]
[WhiteElo "1767"]
[BlackElo "1776"]

1. d4 d5 2. Nc3 Nf6 3. Bf4 c6 4. Nf3 Bg4 5. Ne5 Bh5 6. h3 Nbd7 7. g4 Bg6 8. Nxg6
hxg6 9. e3 a6 10. f3 c5 11. dxc5 Nxc5 12. a3 Qb6 13. b4 Ne6 14. g5 Nh5 15. Nxd5
Qc6 16. c4 Nhxf4 17. exf4 Rh4 18. Qd2 Qd6 19. c5 Qb8 20. Nb6 Qd8 21. Nxa8 Qxd2+
22. Kxd2 Rxf4 23. Be2 Nxg5 24. Ke3 Rf6 25. Rad1 Re6+ 26. Kf2 Nh7 27. Nc7# 1-0

[Event "AUTO-OPEN-1303"]
[Site "http://www.queenalice.com/game.php?id=477520"]
[Date "2008.10.15"]
[Round "1"]
[White "whyBish"]
[Black "danilo_girino"]
[Result "1-0"]
[WhiteElo "2114"]
[BlackElo "1788"]

1. d4 f5 2. Nf3 d5 3. Bf4 Nf6 4. e3 e6 5. c4 h6 6. Nbd2 Nbd7 7. Be2 Nh5 8. Ne5
Nxf4 9. exf4 c5 10. Bh5+ g6 11. Nxg6 Rg8 12. cxd5 Nf6 13. dxe6 1-0

[Event "AUTO-OPEN-1303"]
[Site "http://www.queenalice.com/game.php?id=477521"]
[Date "2008.10.15"]
[Round "1"]
[White "danilo_girino"]
[Black "whyBish"]
[Result "0-1"]
[WhiteElo "1791"]
[BlackElo "2109"]

1. e4 c5 2. Nf3 g6 3. e5 Nc6 4. Nc3 Bg7 5. Bc4 Nxe5 6. Nxe5 Bxe5 7. d3 e6 8. Bd2
d5 9. Bb5+ Bd7 10. Bxd7+ Qxd7 11. Qc1 O-O-O 12. Ne2 Ne7 13. a4 Nc6 14. Bf4 Bxf4
0-1

[Event "AUTO-OPEN-1303"]
[Site "http://www.queenalice.com/game.php?id=477536"]
[Date "2008.10.15"]
[Round "1"]
[White "danilo_girino"]
[Black "lekobr"]
[Result "0-1"]
[WhiteElo "1791"]
[BlackElo "1568"]

1. e4 c5 2. c4 Nc6 3. d3 d6 4. Nc3 Nf6 5. g3 g6 6. Bg2 Qc7 7. Nge2 Bg7 8. O-O
O-O 9. f4 Bg4 10. Nd5 Nxd5 11. cxd5 Nd4 0-1

[Event "AUTO-OPEN-1303"]
[Site "http://www.queenalice.com/game.php?id=477537"]
[Date "2008.10.15"]
[Round "1"]
[White "lekobr"]
[Black "danilo_girino"]
[Result "1-0"]
[WhiteElo "1607"]
[BlackElo "1791"]

1. c4 e5 2. g3 Nf6 3. Bg2 c6 4. d3 d5 5. cxd5 cxd5 6. Nf3 Nc6 7. O-O Bc5 8. Nc3
Be6 9. b3 Qd7 10. Bb2 h6 11. e3 1-0

[Event "Challenge"]
[Site "http://www.queenalice.com/game.php?id=488013"]
[Date "2008.11.4"]
[Round "-"]
[White "danilo_girino"]
[Black "trunksjackson"]
[Result "0-1"]
[WhiteElo "1738"]
[BlackElo "1873"]

1. e4 c5 2. f4 Nc6 3. Nf3 e6 4. a3 b6 5. Nc3 Bb7 6. Bc4 Nge7 7. d4 cxd4 8. Nxd4
Nxd4 9. Qxd4 Rc8 10. Bd3 Nc6 11. Qf2 d5 12. exd5 exd5 0-1